000 00466nmm a2200157Ia 4500
008 251105s9999||||xx |||||||||||||||||und||
020 _a9789586488518
041 _aspa
100 _aUribe y Asociados Consultores
245 0 _aPlan único de cuentas: PUC 2013
264 _a[Bogotá, Colombia] :
_bEcoe Ediciones,
_c2013
300 _a465 páginas
650 _aEconomics and Business
856 _uhttps://public.digitaliapublishing.com/a/103000
942 _cCF
999 _c95413
_d95413